| 000 | 00484pab a2200181 454500 | ||
|---|---|---|---|
| 008 | 180718b2017 xxu||||| |||| 00| 0 eng d | ||
| 100 | _aTilak, Jandhyala B.G. | ||
| 245 | _aOn rejuvenating public universities in India | ||
| 260 | _c2017 | ||
| 300 | _ap.70-73. | ||
| 362 | _a30 Jan | ||
| 650 | _aHigher education - India | ||
| 650 | _aUniversities - India | ||
| 650 | _aPublic education - India | ||
| 650 | _aPublic education | ||
| 773 | _aUniversity News | ||
| 909 | _a113766 | ||
| 999 |
_c113760 _d113760 |
||